Normal view
MARC view
- McCall Smith, Alexander,
Entry Personal Name
001 - CONTROL NUMBER
- control field: 10330
003 - CONTROL NUMBER IDENTIFIER
- control field: NUST
005 - DATE AND TIME OF LATEST TRANSACTION
- control field: 20180521044646.0
008 - FIXED-LENGTH DATA ELEMENTS
- fixed length control field: 180521|| aca||aabn | a|a d
040 ## - CATALOGING SOURCE
- Original cataloging agency: NUST
- Transcribing agency: NUST
100 ## - HEADING--PERSONAL NAME
- Personal name: McCall Smith, Alexander,
- Dates associated with a name: 1948-
670 ## - SOURCE DATA FOUND
- Source citation: Work cat.: (NUST)234821: McCall Smith, Alexander, 1948-, The Sunday Philosophy Club /, 2004
